00590nam a2200157 a 450000100100000000500170001000800410002704000250006808200170009311000670011024500420017726000610021930000200028095201150030099900170041500004561520201002052340.0150416s1979 dr 000 0 spa d aDO-SdBNPbspacBNPHU axxxxxbxxxxx1 aRepública DominicanabOficina Nacional de Presupuesto91098110aClasificación por objeto de gastos. aSanto Domingo :bOficina Nacional de Presupuesto,c1979. a66 p. ;c21 cm. 0010718PDaPDbPDcHDd2015-04-16iLF1l0oxxxxx xxxxxp45615-10r2020-06-25w2020-06-25yLFPDZNo se presta c45104d45104